000 00553nam a2200181 4500
001 123542
003 ES-MaACL
005 20230906192206.0
007 t|
008 070214s1972 sp r ||||1| spa d
245 0 0 _aQuímica
_b: manual para profesores /
_cversión de José Beltrán.
260 _aBarcelona :
_bReverté,
_c1972.
300 _aXI, 435 p. :
_bil. ;
_c25 cm.
500 _aPrecede al Tit : Nuffield Foundation.
700 1 _aBeltrán, José.
_927340
710 2 _aNuffield Foundation.
_95996
852 _aES-MaACL
_jC-43466
_bR.82810
999 _c123542
_d123542